THE COMPLETE BARTENDERS GUIDE (Record no. 16691)

MARC details
000 -LEADER
fixed length control field 00273nam a22001337a 4500
003 - CONTROL NUMBER IDENTIFIER
control field SGT
020 ## - INTERNATIONAL STANDARD BOOK NUMBER
International Standard Book Number 9781847326430
082 ## - DEWEY DECIMAL CLASSIFICATION NUMBER
Item number BRO
100 ## - MAIN ENTRY--PERSONAL NAME
Personal name BROOM,DAVE
245 ## - TITLE STATEMENT
Title THE COMPLETE BARTENDERS GUIDE
260 ## - PUBLICATION, DISTRIBUTION, ETC. (IMPRINT)
Place of publication, distribution, etc CARLTON BOOK
Year of Publication 2011
300 ## - PAGE DESCRIPTION
No. of Pages 399
942 ## - ADDED ENTRY ELEMENTS (KOHA)
Source of classification or shelving scheme Dewey Decimal Classification
Koha item type Books
Holdings
Withdrawn status Lost status Source of classification or shelving scheme Damaged status Not for loan Collection code Home library Current library Shelving location Date acquired Vendor Name Cost, normal purchase price SGTU Bill Number Full call number Accession No. (Barcode) Date last seen Bill Date Koha item type
    Dewey Decimal Classification   Not For Loan HOTEL MANAGEMENT SGT Science & Social Sciences Library SGT Science & Social Sciences Library Reference Book 25/01/2019 JINDAL BOOK SERVICES 1490.00 SGTU 2040 BRO HM1050 25/01/2019   Books